[Event "HUN-chT2 Charousek 0001"]
[Site "Hungary"]
[Date "2001.01.21"]
[Round "5"]
[White "Sarosi, Zoltan"]
[Black "Bugyinszki, Istvan"]
[Result "1/2-1/2"]
[WhiteElo "2351"]
[BlackElo "2300"]
[PlyCount "24"]
[EventDate "2000.11.26"]
[EventType "team"]
[EventRounds "11"]
[EventCountry "HUN"]
[SourceTitle "EXT 2007"]
[Source "ChessBase"]
[SourceDate "2006.11.23"]
[SourceVersion "1"]
[SourceVersionDate "2006.11.23"]
[SourceQuality "1"]
[WhiteTeam "Ajka Banyasz"]
[BlackTeam "Szazhalombatta"]
[WhiteTeamCountry "HUN"]
[BlackTeamCountry "HUN"]

1. d4 Nf6 2. c4 e6 3. Nf3 b6 4. g3 Ba6 5. b3 Bb4+ 6. Bd2 Be7 7. Bc3 d5 8. Nbd2 Nbd7 9. Bg2 Rc8 10. 0-0 0-0 11. Re1 c5 12. Bb2 dxc4 1/2-1/2

[Event "HUN-chT2 Charousek 0001"]
[Site "Hungary"]
[Date "2000.12.17"]
[Round "3"]
[White "Bugyinszki, Istvan"]
[Black "Baranyai, Karoly"]
[Result "1/2-1/2"]
[WhiteElo "2300"]
[BlackElo "2305"]
[PlyCount "20"]
[EventDate "2000.11.26"]
[EventType "team"]
[EventRounds "11"]
[EventCountry "HUN"]
[SourceTitle "EXT 2007"]
[Source "ChessBase"]
[SourceDate "2006.11.23"]
[SourceVersion "1"]
[SourceVersionDate "2006.11.23"]
[SourceQuality "1"]
[WhiteTeam "Szazhalombatta"]
[BlackTeam "Budapest Spartacus"]
[WhiteTeamCountry "HUN"]
[BlackTeamCountry "HUN"]

1. Nf3 Nf6 2. g3 b6 3. Bg2 Bb7 4. c4 e6 5. 0-0 Be7 6. Nc3 0-0 7. d4 Ne4 8. Nd2 Nxc3 9. bxc3 Bxg2 10. Kxg2 Qc8 1/2-1/2

[Event "HUN-chT2 9899"]
[Site "Hungary"]
[Date "1998.??.??"]
[Round "?"]
[White "Bognar, Csaba"]
[Black "Bugyinszki, Istvan"]
[Result "1/2-1/2"]
[WhiteElo "2150"]
[BlackElo "2285"]
[PlyCount "52"]
[EventDate "1998.??.??"]
[EventType "team-tourn"]
[EventRounds "12"]
[EventCountry "HUN"]
[SourceTitle "EXT 2000"]
[Source "ChessBase"]
[SourceDate "1999.11.16"]
[SourceVersion "1"]
[SourceVersionDate "1999.11.16"]
[SourceQuality "1"]

1. d4 d5 2. c4 dxc4 3. Nf3 c6 4. e4 b5 5. a4 e6 6. axb5 cxb5 7. b3 Bb4+ 8. Bd2 Bxd2+ 9. Nbxd2 a5 10. bxc4 b4 11. c5 Nf6 12. Bb5+ Bd7 13. Qa4 0-0 14. c6 Bc8 15. 0-0 Qc7 16. Rfc1 Rd8 17. Rc5 Ne8 18. e5 Qe7 19. Qc2 Nc7 20. Bd3 Rd5 21. Bxh7+ Kh8 22. Rxd5 exd5 23. Bf5 Be6 24. h4 g6 25. Bd3 Qe8 26. Qc5 Nxc6 1/2-1/2

[Event "HUN-chT2 9798"]
[Site "Hungary"]
[Date "1998.??.??"]
[Round "?"]
[White "Honos, Attila"]
[Black "Bugyinszki, Istvan"]
[Result "0-1"]
[WhiteElo "2340"]
[BlackElo "2285"]
[PlyCount "76"]
[EventDate "1997.??.??"]
[EventType "team-tourn"]
[EventRounds "11"]
[EventCountry "HUN"]
[SourceTitle "EXT 1999"]
[Source "ChessBase"]
[SourceDate "1998.11.16"]
[SourceVersion "1"]
[SourceVersionDate "1998.11.16"]
[SourceQuality "1"]

1. b4 Nf6 2. Bb2 e6 3. b5 b6 4. e3 Bb7 5. Nf3 Be7 6. Be2 0-0 7. 0-0 c5 8. a4 a5 9. c4 d6 10. Qc2 Nbd7 11. d3 Qc7 12. Nbd2 Rad8 13. Rac1 Rfe8 14. Rfd1 d5 15. d4 Bd6 16. cxd5 exd5 17. dxc5 bxc5 18. h3 Rc8 19. Bd3 Be7 20. Nh4 g6 21. Nhf3 Qb6 22. Be2 Bf8 23. Nb3 Ne4 24. Nfd2 c4 25. Nxe4 cxb3 26. Qxb3 Rxc1 27. Rxc1 Rxe4 28. Bf3 Rb4 29. Qc3 d4 30. exd4 Bxf3 31. gxf3 Qf6 32. Ba3 Rxa4 33. Bxf8 Nxf8 34. Qc6 Qg5+ 35. Kf1 Rb4 36. d5 Rxb5 37. Rd1 Rb2 38. d6 Qh4 0-1

[Event "HUN-chT3"]
[Site "Hungary"]
[Date "1997.??.??"]
[Round "?"]
[White "Bugyinszki, Istvan"]
[Black "Halmos, Ede"]
[Result "1-0"]
[WhiteElo "2285"]
[BlackElo "2080"]
[PlyCount "49"]
[EventDate "1997.??.??"]
[EventType "team-tourn"]
[EventRounds "13"]
[EventCountry "HUN"]
[SourceTitle "EXT 2001"]
[Source "ChessBase"]
[SourceDate "2000.11.22"]
[SourceVersion "1"]
[SourceVersionDate "2000.11.22"]
[SourceQuality "1"]

1. Nf3 Nf6 2. g3 g6 3. Bg2 Bg7 4. 0-0 0-0 5. c4 d6 6. d4 Nbd7 7. Nc3 e5 8. e4 h6 9. h3 Nh7 10. Be3 Ng5 11. Nxg5 hxg5 12. f4 gxf4 13. gxf4 exd4 14. Bxd4 Qh4 15. Nd5 Nc5 16. Bxg7 Kxg7 17. f5 gxf5 18. exf5 Qg5 19. b4 Bxf5 20. h4 Qxh4 21. Rxf5 Ne6 22. Qd3 Rh8 23. Raf1 Qh2+ 24. Kf2 Rae8 25. Rh1 1-0

[Event "HUN-chT2 9798"]
[Site "Hungary"]
[Date "1997.??.??"]
[Round "?"]
[White "Bugyinszki, Istvan"]
[Black "Toth Gergye, Geza"]
[Result "1/2-1/2"]
[WhiteElo "2285"]
[BlackElo "2195"]
[PlyCount "39"]
[EventDate "1997.??.??"]
[EventType "team-tourn"]
[EventRounds "11"]
[EventCountry "HUN"]
[SourceTitle "EXT 1999"]
[Source "ChessBase"]
[SourceDate "1998.11.16"]
[SourceVersion "1"]
[SourceVersionDate "1998.11.16"]
[SourceQuality "1"]

1. Nf3 c5 2. g3 Nc6 3. Bg2 Nf6 4. 0-0 g6 5. c4 Bg7 6. Nc3 0-0 7. d4 cxd4 8. Nxd4 Nxd4 9. Qxd4 d6 10. Qd3 Qb6 11. b3 Bf5 12. e4 Nxe4 13. Nxe4 d5 14. cxd5 Bxe4 15. Qxe4 Bxa1 16. Be3 Qf6 17. Bc5 Rfe8 18. Re1 Bc3 19. Re2 e6 20. Bh3 1/2-1/2

[Event "HUN-chT2 9394"]
[Site "Hungary"]
[Date "1994.??.??"]
[Round "?"]
[White "Majzik, Levente"]
[Black "Bugyinszki, Istvan"]
[Result "1/2-1/2"]
[WhiteElo "2275"]
[BlackElo "2305"]
[PlyCount "138"]
[EventDate "1993.??.??"]
[EventType "team-tourn"]
[EventRounds "13"]
[EventCountry "HUN"]
[SourceTitle "TD"]
[Source "ChessBase"]
[SourceDate "1994.03.01"]
[SourceVersion "1"]
[SourceVersionDate "1994.03.01"]
[SourceQuality "1"]

1. d4 Nf6 2. Nf3 e6 3. Bf4 b6 4. e3 Bb7 5. Be2 Be7 6. a4 a6 7. h3 0-0 8. 0-0 d6 9. Bh2 Nbd7 10. Nbd2 Rc8 11. c3 c5 12. Nc4 d5 13. Nce5 Nxe5 14. Nxe5 Ne4 15. Bd3 f6 16. Nf3 Bd6 17. Bxd6 Nxd6 18. Qe2 c4 19. Bc2 Qe7 20. Nh4 Ne4 21. Nf3 Nd6 22. Rad1 b5 23. Nd2 Ne4 24. Bxe4 dxe4 25. axb5 axb5 26. Ra1 Bd5 27. Ra5 Qb7 28. Rfa1 Ra8 29. Rxa8 Rxa8 30. Rxa8+ Qxa8 31. Nf1 Qa2 32. Kh2 g6 33. Qc2 f5 34. h4 Qa1 35. Ng3 h6 36. Qe2 Qa8 37. Qe1 Kg7 38. Ne2 Qa2 39. Qc1 g5 40. hxg5 hxg5 41. Ng3 Qa8 42. Qd1 Qh8+ 43. Qh5 Qxh5+ 44. Nxh5+ Kg6 45. g4 Bc6 46. Ng3 Kf6 47. Ne2 Bd5 48. Kg3 Kg6 49. Nc1 Kf6 50. Na2 Ba8 51. Nb4 Bb7 52. Nc2 Bc6 53. d5 Bxd5 54. gxf5 exf5 55. Nd4 Ke5 56. Nxb5 Bc6 57. Nd4 f4+ 58. Kg2 Bd5 59. Kh3 Be6+ 60. Kg2 Bd5 61. Kf1 Bf7 62. Ke1 Bd5 63. Ke2 Bf7 64. exf4+ gxf4 65. Nb5 Be8 66. Na3 Kd5 67. Nc2 Bh5+ 68. Kd2 Bg4 69. Nd4 Kc5 1/2-1/2

[Event "HUN-chT2 9394"]
[Site "Hungary"]
[Date "1994.??.??"]
[Round "?"]
[White "Papp, Laszlo"]
[Black "Bugyinszki, Istvan"]
[Result "0-1"]
[WhiteElo "2220"]
[BlackElo "2305"]
[PlyCount "66"]
[EventDate "1993.??.??"]
[EventType "team-tourn"]
[EventRounds "13"]
[EventCountry "HUN"]
[SourceTitle "TD"]
[Source "ChessBase"]
[SourceDate "1994.03.01"]
[SourceVersion "1"]
[SourceVersionDate "1994.03.01"]
[SourceQuality "1"]

1. e4 c5 2. Nf3 e6 3. d4 cxd4 4. Nxd4 a6 5. Be3 Qc7 6. c4 Nf6 7. Bd3 Nc6 8. 0-0 b6 9. Nc3 Bb7 10. Rc1 Bc5 11. Bb1 0-0 12. a3 Nxd4 13. Bxd4 Ng4 14. Qxg4 Bxd4 15. Rfd1 Be5 16. h3 Rac8 17. b3 b5 18. Ne2 Qb6 19. Rxd7 bxc4 20. bxc4 Rfd8 21. Rxd8+ Rxd8 22. Ng3 Rd2 23. c5 Qb2 24. Rd1 Bd4 25. Rxd2 Qxd2 26. Qe2 Qc1+ 27. Qf1 Qxa3 28. Kh2 Qxc5 29. f4 g6 30. e5 a5 31. Be4 Bd5 32. Qe2 Qc1 33. Bxd5 Qg1# 0-1

[Event "HUN-chT2 9293"]
[Site "Hungary"]
[Date "1993.??.??"]
[Round "?"]
[White "Ivanyi, Antal"]
[Black "Bugyinszki, Istvan"]
[Result "0-1"]
[WhiteElo "2275"]
[BlackElo "2280"]
[PlyCount "58"]
[EventDate "1992.??.??"]
[EventType "team-tourn"]
[EventRounds "12"]
[EventCountry "HUN"]
[SourceTitle "TD"]
[Source "ChessBase"]
[SourceDate "1994.03.01"]
[SourceVersion "1"]
[SourceVersionDate "1994.03.01"]
[SourceQuality "1"]

1. e4 c5 2. Nc3 Nc6 3. g3 g6 4. d3 Bg7 5. Bg2 e6 6. Be3 Nd4 7. f4 Ne7 8. Nf3 d5 9. exd5 Nef5 10. Bf2 exd5 11. 0-0 0-0 12. Re1 Nxf3+ 13. Bxf3 d4 14. Ne4 Qc7 15. Rb1 Bd7 16. c4 Bc6 17. a3 a5 18. b4 axb4 19. axb4 cxb4 20. Rxb4 Ra3 21. Ng5 h6 22. Bxc6 hxg5 23. Bg2 gxf4 24. Rxb7 Qd6 25. g4 Ne3 26. Bxe3 dxe3 27. Bd5 Ra2 28. Qf3 Rf2 29. Qe4 f3 0-1

[Event "HUN-chT2 9293"]
[Site "Hungary"]
[Date "1993.??.??"]
[Round "?"]
[White "Pasztor, Ferenc"]
[Black "Bugyinszki, Istvan"]
[Result "1/2-1/2"]
[WhiteElo "2190"]
[BlackElo "2280"]
[PlyCount "116"]
[EventDate "1992.??.??"]
[EventType "team-tourn"]
[EventRounds "12"]
[EventCountry "HUN"]
[SourceTitle "TD"]
[Source "ChessBase"]
[SourceDate "1994.03.01"]
[SourceVersion "1"]
[SourceVersionDate "1994.03.01"]
[SourceQuality "1"]

1. d4 d5 2. Nf3 c6 3. c4 dxc4 4. g3 Nf6 5. Bg2 Bg4 6. Ne5 Be6 7. Nc3 Nbd7 8. 0-0 Nxe5 9. dxe5 Qxd1 10. Rxd1 Nd7 11. f4 f6 12. exf6 exf6 13. Kf2 Bc5+ 14. Be3 0-0-0 15. Ne4 Bxe3+ 16. Kxe3 Kc7 17. Kf2 Bd5 18. Nd2 Bxg2 19. Kxg2 Rhe8 20. Kf3 b5 21. a4 Kb6 22. Ne4 a6 23. axb5 axb5 24. Nd6 Rf8 25. Nc8+ Kc7 26. Nd6 Ra8 27. Nf5 g6 28. Nd4 Nc5 29. g4 Rxa1 30. Rxa1 Kb6 31. f5 Rd8 32. e3 b4 33. h4 gxf5 34. gxf5 Nd3 35. Rb1 c5 36. Ne6 Ne5+ 37. Ke4 Rg8 38. Kd5 Rg2 39. Nf8 Rg7 40. Ke6 Rf7 41. Ng6 hxg6 42. fxg6 Rg7 43. Kxf6 Rxg6+ 44. Kxe5 Rh6 45. Rh1 Kb5 46. e4 c3 47. bxc3 Rh5+ 48. Kd6 bxc3 49. e5 c2 50. Rc1 Rxh4 51. Rxc2 Rd4+ 52. Kc7 Re4 53. Kd6 Rd4+ 54. Ke7 Re4 55. e6 c4 56. Kd6 Re3 57. e7 Kb4 58. Rb2+ Ka3 1/2-1/2